[Event "SWE-ch U18"]
[Site "Umea"]
[Date "2003.07.10"]
[Round "11"]
[White "Semcesen, Daniel"]
[Black "Gustafsson, Stefan"]
[Result "1-0"]
[WhiteElo "2333"]
[BlackElo "1888"]
[PlyCount "29"]
[EventDate "2003.06.29"]
[EventType "tourn"]
[EventRounds "13"]
[EventCountry "SWE"]
[SourceTitle "EXT 2004"]
[Source "ChessBase"]
[SourceDate "2003.11.25"]
[SourceVersion "1"]
[SourceVersionDate "2003.11.25"]
[SourceQuality "1"]

1. e4 e6 2. d3 d5 3. Qe2 Nf6 4. g3 b6 5. e5 Nfd7 6. Bg2 Bb7 7. c4 c6 8. Nf3 Qc7 9. 0-0 Be7 10. Re1 Na6 11. Nc3 0-0-0 12. cxd5 exd5 13. Bf4 Nf8 14. e6 Bd6 15. e7 1-0

[Event "SWE-ch U18"]
[Site "Umea"]
[Date "2003.07.09"]
[Round "10"]
[White "Gustafsson, Stefan"]
[Black "Thurn, Magnus"]
[Result "1/2-1/2"]
[WhiteElo "1888"]
[BlackElo "2122"]
[PlyCount "62"]
[EventDate "2003.06.29"]
[EventType "tourn"]
[EventRounds "13"]
[EventCountry "SWE"]
[SourceTitle "EXT 2004"]
[Source "ChessBase"]
[SourceDate "2003.11.25"]
[SourceVersion "1"]
[SourceVersionDate "2003.11.25"]
[SourceQuality "1"]

1. e4 e6 2. d4 d5 3. Nc3 Nf6 4. exd5 exd5 5. Bd3 c6 6. Nge2 Bd6 7. Bf4 0-0 8. Bxd6 Qxd6 9. 0-0 b5 10. Qd2 Nbd7 11. Nd1 Re8 12. Ne3 Nb6 13. c3 Nc4 14. Bxc4 dxc4 15. Ng3 g6 16. Rfe1 Bd7 17. Nef1 a5 18. Rxe8+ Rxe8 19. Re1 Rxe1 20. Qxe1 Kg7 21. Qd2 h5 22. f3 Qe6 23. Qe3 Nd5 24. Qxe6 Bxe6 25. Ne4 f5 26. Nc5 Bc8 27. Nd2 Kf6 28. Kf2 a4 29. a3 g5 30. g3 Kg6 31. f4 g4 1/2-1/2